Man with a Mission/ (Record no. 201976)

MARC details
000 -LEADER
fixed length control field 00555nam a22001817a 4500
005 - DATE AND TIME OF LATEST TRANSACTION
control field 20240430153500.0
010 ## - LCCN (DPL NO)
LC control number ENG-140072
020 ## - INTERNATIONAL STANDARD BOOK NUMBER
Terms of availability 500.00
035 ## - SYSTEM CONTROL NUMBER
System control number EN-123604
037 ## - SOURCE OF ACQUISITION
Source of stock number/acquisition DBAD
082 ## - DEWEY DECIMAL CLASSIFICATION NUMBER
Classification number 920
100 ## - MAIN ENTRY--PERSONAL NAME
Personal name Hussain ,Syed Muzaffar
245 ## - TITLE STATEMENT
Title Man with a Mission/
Statement of responsibility, etc by Syed Nazar Hussain
260 ## - PUBLICATION, DISTRIBUTION, ETC. (IMPRINT)
Place of publication, distribution, etc Maharashtra
Name of publisher, distributor, etc The Sultan Khan Educational Trust
270 ## - ADDRESS
Address Asmita House, Asmita Township, Mira Road (E) ,Dist Thane
City Maharashtra
Postal code 401107
300 ## - PHYSICAL DESCRIPTION
Extent 256p.
Dimensions 25cm(hb)
942 ## - ADDED ENTRY ELEMENTS (KOHA)
Source of classification or shelving scheme Dewey Decimal Classification
Item type English Books
Call number suffix HUS
Classification part 920
Edition 1
Holdings
Withdrawn status Lost status Not for loan Collection code Home library Current library Date acquired Source of acquisition Cost, normal purchase price Full call number Barcode Copy number Cost, replacement price Koha item type
      Non-fiction Ashok Vihar Ashok Vihar 08/04/2024 DBAD 500.00 HUS 920 EN-123604 1 500.00 English Books

© Delhi Public Library
Hit Counter
free hit counter